[Event "Politiken Cup 2007"]
[Site "Helsingor"]
[Date "2007.07.25"]
[Round "7.40"]
[White "Knudsen, Jes West"]
[Black "Urkedal, Frode"]
[Result "0-1"]
[WhiteElo "1990"]
[BlackElo "2235"]
[PlyCount "199"]
[EventDate "2007.??.??"]

1. e4 c5 2. b4 cxb4 3. Bb2 d5 4. exd5 Qxd5 5. d4 e6 6. a3 Nf6 7. axb4 Bxb4+ 8.
c3 Be7 9. Nf3 O-O 10. Nbd2 Nc6 11. Bc4 Qd8 12. O-O Qc7 13. Re1 b6 14. Qe2 Bb7
15. Ng5 Bd6 16. Nde4 Be7 17. Bd3 g6 18. Nxf6+ Bxf6 19. Ne4 Bg7 20. Qf3 Ne7 21.
Nf6+ Kh8 22. Be4 Bxe4 23. Nxe4 Nd5 24. Ba3 Rfd8 25. Ng5 Nf6 26. Bc1 h6 27. Bf4
Qe7 28. Bd6 Qe8 29. Be5 hxg5 30. Bxf6 Rd5 31. Qxd5 exd5 32. Rxe8+ Rxe8 33. Bxg5
a5 34. Kf1 Ra8 35. Ke2 b5 36. Kd3 f6 37. Bd2 Kg8 38. Kc2 Kf7 39. Rb1 Rb8 40.
Ra1 a4 41. g4 g5 42. f4 Kg6 43. fxg5 fxg5 44. Rf1 Bf6 45. Rf5 Rd8 46. Kb1 Rd7
47. Kc2 Be7 48. Re5 Bf6 49. Rf5 Rc7 50. Kb1 b4 51. cxb4 a3 52. Be3 Rc3 53. Bf2
Be7 54. Be1 Rd3 55. Re5 Bf6 56. Re2 Bxd4 57. Ka2 Bb2 58. b5 Rd1 59. b6 Ra1+ 60.
Kb3 Bd4 61. Bc3 Bxc3 62. Kxc3 Rb1 63. Ra2 Rxb6 64. Rxa3 Kf6 65. Kd4 Ke6 66. Kc5
Rb2 67. Ra6+ Ke5 68. Rg6 Rc2+ 69. Kb4 Rc4+ 70. Kb3 Rxg4 71. Kc3 d4+ 72. Kd3 Rg2
73. Rg8 g4 74. Re8+ Kf4 75. Rf8+ Kg5 76. Rg8+ Kf5 77. Rf8+ Kg6 78. Kxd4 Rxh2
79. Rg8+ Kf5 80. Rf8+ Kg5 81. Ke3 Kh4 82. Rh8+ Kg3 83. Rg8 Ra2 84. Rg7 Kh3 85.
Rh7+ Kg2 86. Rg7 g3 87. Rh7 Kg1 88. Rg7 g2 89. Rf7 Ra4 90. Rh7 Kf1 91. Rf7+ Ke1
92. Rg7 Ra3+ 93. Ke4 Kf2 94. Rf7+ Ke2 95. Rg7 Ra4+ 96. Ke5 Kf2 97. Rf7+ Ke3 98.
Rg7 Ra5+ 99. Kd6 Kf2 100. Rf7+ 0-1

[Event "Politiken Cup 2007"]
[Site "Helsingor"]
[Date "2007.07.25"]
[Round "7.44"]
[White "Nielsen, Lars Aaes"]
[Black "Jensen, Michael Agermose"]
[Result "1-0"]
[WhiteElo "2242"]
[BlackElo "2086"]
[PlyCount "89"]
[EventDate "2007.??.??"]

1. e4 c5 2. c3 g6 3. d4 cxd4 4. cxd4 d5 5. exd5 Nf6 6. Bb5+ Bd7 7. Bc4 Bg7 8.
Nc3 O-O 9. Nf3 Bg4 10. h3 Bxf3 11. Qxf3 Nbd7 12. O-O Nb6 13. Bb3 Qd7 14. Re1
Rfd8 15. Bg5 Nbxd5 16. Nxd5 Nxd5 17. Bxe7 Nxe7 18. Qxf7+ Kh8 19. Rxe7 Qxd4 20.
Rd1 Qf6 21. Rxd8+ Rxd8 22. Qxf6 Bxf6 23. Rxb7 Bd4 24. Re7 Rf8 25. Re2 Rc8 26.
Bd5 Kg7 27. g3 h6 28. Kg2 Rc7 29. f4 Rc1 30. b3 Rb1 31. Kf3 Rb2 32. Rxb2 Bxb2
33. Ke4 a5 34. Bc4 Kf6 35. g4 Bc1 36. f5 Bb2 37. Bd3 h5 38. Kd5 gxf5 39. gxf5
Kg5 40. Ke6 Ba3 41. Be2 Bb2 42. Bd1 Ba3 43. f6 Bb2 44. f7 Ba3 45. Kd7 1-0

[Event "Politiken Cup 2007"]
[Site "Helsingor"]
[Date "2007.07.25"]
[Round "7.45"]
[White "Andreasen, Per"]
[Black "Roder, Peter"]
[Result "1/2-1/2"]
[WhiteElo "2228"]
[BlackElo "2080"]
[PlyCount "75"]
[EventDate "2007.??.??"]

1. g3 d5 2. Bg2 Nf6 3. Nf3 c6 4. O-O Bg4 5. b3 Nbd7 6. Bb2 e6 7. c4 Bd6 8. h3
Bh5 9. d3 O-O 10. Nbd2 Qe7 11. Qc2 e5 12. e4 d4 13. Nh4 Bg6 14. Rae1 Ba3 15.
Ba1 c5 16. Re2 Ne8 17. Kh2 f6 18. f4 Nd6 19. Bf3 Rab8 20. Bg4 Rfd8 21. Ndf3 Bf7
22. Bxd7 Rxd7 23. Nf5 Qe8 24. fxe5 fxe5 25. Qd2 Bg6 26. Nxd6 Rxd6 27. Ref2 Qe7
28. Nh4 Bb4 29. Qc1 Ba5 30. Bb2 Bc7 31. Qd1 Re8 32. Bc1 Bd8 33. Qe2 Qd7 34. Nf5
Bxf5 35. Rxf5 Rf6 36. Qg4 Rxf5 37. Rxf5 Qe6 38. Rf3 1/2-1/2

[Event "Politiken Cup 2007"]
[Site "Helsingor"]
[Date "2007.07.25"]
[Round "7.46"]
[White "Orndahl, Markus"]
[Black "Blomstrom, Lars"]
[Result "1/2-1/2"]
[WhiteElo "2078"]
[BlackElo "2197"]
[PlyCount "74"]
[EventDate "2007.??.??"]

1. e4 e5 2. Nf3 Nc6 3. Bb5 a6 4. Ba4 Nf6 5. O-O Be7 6. Re1 b5 7. Bb3 O-O 8. h3
d6 9. c3 h6 10. d4 Re8 11. Nbd2 Bf8 12. Nf1 Bb7 13. Ng3 Qd7 14. a4 Na5 15. Bc2
c5 16. d5 c4 17. Nh4 Qc7 18. Nhf5 Kh8 19. f4 Nb3 20. Bxb3 cxb3 21. fxe5 Rxe5
22. Bf4 Ree8 23. axb5 axb5 24. Rxa8 Bxa8 25. Be3 Nxe4 26. Bd4 Bxd5 27. Nxg7
Bxg7 28. Bxg7+ Kxg7 29. Qxd5 Re5 30. Qd3 Nxg3 31. Qxg3+ Kf8 32. Rf1 Qc5+ 33.
Kh1 Qc4 34. Ra1 Qe4 35. Rf1 b4 36. cxb4 Qxb4 37. Rf3 Qc4 1/2-1/2

[Event "Politiken Cup 2007"]
[Site "Helsingor"]
[Date "2007.07.25"]
[Round "7.47"]
[White "Vos, Chris"]
[Black "Thorhallsson, Gylfi"]
[Result "0-1"]
[WhiteElo "2071"]
[BlackElo "2195"]
[PlyCount "56"]
[EventDate "2007.??.??"]

1. e4 e5 2. Nf3 Nc6 3. Bb5 a6 4. Ba4 Nf6 5. O-O b5 6. Bb3 Be7 7. Re1 O-O 8. c3
d5 9. d3 Bb7 10. Bg5 dxe4 11. dxe4 Nd7 12. Bxe7 Nxe7 13. Nbd2 Ng6 14. Nf1 Qe7
15. Ng3 Nc5 16. Bc2 Rad8 17. Qe2 Nf4 18. Qf1 g5 19. Rec1 g4 20. Ne1 Rd2 21. b4
Nce6 22. a4 c6 23. Bd1 Qg5 24. Kh1 h5 25. f3 h4 26. fxg4 hxg3 27. Nf3 Qh6 28.
Nxd2 Qxh2# 0-1

[Event "Politiken Cup 2007"]
[Site "Helsingor"]
[Date "2007.07.25"]
[Round "7.48"]
[White "Vigfusson, Vigfus"]
[Black "Pedersen, Henrik B"]
[Result "1/2-1/2"]
[WhiteElo "2059"]
[BlackElo "2189"]
[PlyCount "22"]
[EventDate "2007.??.??"]

1. e4 e6 2. d4 d5 3. Nc3 Nf6 4. Bg5 Bb4 5. e5 h6 6. Bd2 Bxc3 7. bxc3 Ne4 8. Qg4
g6 9. Bd3 Nxd2 10. Kxd2 c5 11. Nf3 c4 1/2-1/2

[Event "Politiken Cup 2007"]
[Site "Helsingor"]
[Date "2007.07.25"]
[Round "7.49"]
[White "Tadjerbashi, Amir"]
[Black "Andersen, Mads"]
[Result "1-0"]
[WhiteElo "2182"]
[BlackElo "2070"]
[PlyCount "53"]
[EventDate "2007.??.??"]

1. e4 c5 2. Nf3 d6 3. d4 cxd4 4. Nxd4 Nf6 5. Nc3 a6 6. g3 e6 7. Bg2 Be7 8. O-O
O-O 9. f4 Nc6 10. Nxc6 bxc6 11. e5 Nd5 12. Ne4 dxe5 13. fxe5 Qb6+ 14. Kh1 Ne3
15. Bxe3 Qxe3 16. Nf6+ Kh8 17. Qh5 Bxf6 18. exf6 g6 19. Qh4 Rb8 20. Rae1 Qc5
21. Rd1 Qa5 22. Rd4 Rb5 23. Qh6 Rg8 24. Rfd1 Rh5 25. Qd2 Qc7 26. Rd8 Rd5 27.
Rxg8+ 1-0

[Event "Politiken Cup 2007"]
[Site "Helsingor"]
[Date "2007.07.25"]
[Round "7.50"]
[White "Jensen, Ib"]
[Black "Zhao, Parker"]
[Result "0-1"]
[WhiteElo "2047"]
[BlackElo "2180"]
[PlyCount "80"]
[EventDate "2007.??.??"]

1. d4 d5 2. Nf3 c6 3. Bf4 Nf6 4. e3 Bf5 5. c4 e6 6. Qb3 Qc8 7. Nc3 Be7 8. Be2
O-O 9. Ne5 Ne4 10. g4 Bg6 11. h4 Nxc3 12. bxc3 dxc4 13. Bxc4 Be4 14. f3 Bd5 15.
g5 Nd7 16. e4 Nxe5 17. Bxe5 Bxc4 18. Qxc4 b5 19. Qe2 Qd8 20. Qh2 Qa5 21. Rc1 b4
22. O-O bxc3 23. Kh1 Qb5 24. Rg1 Qd3 25. Qg3 Ba3 26. Rcd1 Qb5 27. Rb1 Qe2 28.
Rbe1 Qc4 29. h5 g6 30. hxg6 fxg6 31. Qh3 c2 32. d5 Rae8 33. Rg2 exd5 34. Rh2
Rf7 35. Bf4 c1=Q 36. Bxc1 Bxc1 37. e5 Qc3 38. Rhe2 Bxg5 39. e6 Rxf3 40. Qg4 Qf6
0-1

[Event "Politiken Cup 2007"]
[Site "Helsingor"]
[Date "2007.07.25"]
[Round "7.51"]
[White "Salama, Omar"]
[Black "Sihvonen, Tero"]
[Result "1/2-1/2"]
[WhiteElo "2173"]
[BlackElo "2056"]
[PlyCount "102"]
[EventDate "2007.??.??"]

1. d4 d5 2. c4 e6 3. Nc3 Nf6 4. cxd5 exd5 5. Bg5 Nbd7 6. e3 c6 7. Bd3 Be7 8.
Nge2 h6 9. Bh4 Nh5 10. Bxe7 Qxe7 11. Qc2 Nhf6 12. Ng3 g6 13. O-O-O Nf8 14. Kb1
Be6 15. Qa4 N8d7 16. f3 b5 17. Qc2 Nb6 18. e4 Nc4 19. e5 Nd7 20. Qc1 a5 21. f4
a4 22. f5 gxf5 23. Nxf5 Qg5 24. Qxg5 hxg5 25. g4 a3 26. Bxc4 bxc4 27. bxa3 Rxa3
28. Kb2 Ra8 29. h4 gxh4 30. Rd2 c5 31. Nb5 Rb8 32. Kc3 cxd4+ 33. Kxd4 h3 34.
Rdh2 Kd8 35. Nbd6 Kc7 36. Rxh3 Rxh3 37. Rxh3 Rb2 38. Ra3 Rd2+ 39. Ke3 Rd3+ 40.
Rxd3 cxd3 41. Kxd3 Nxe5+ 42. Kd4 Nxg4 43. Kc5 Nf6 44. Nb5+ Kb8 45. Nfd4 Ne4+
46. Kb6 Nd2 47. a4 Nc4+ 48. Kc5 Kb7 49. Nc3 Kc7 50. Nxd5+ Bxd5 51. Kxd5 Nb6+
1/2-1/2

[Event "Politiken Cup 2007"]
[Site "Helsingor"]
[Date "2007.07.25"]
[Round "7.52"]
[White "Andersen, Ib Hother"]
[Black "Rosenkilde, Alexander"]
[Result "1/2-1/2"]
[WhiteElo "2162"]
[BlackElo "2047"]
[PlyCount "114"]
[EventDate "2007.??.??"]

1. e4 c5 2. Nf3 Nc6 3. d4 cxd4 4. Nxd4 Nf6 5. Nc3 e5 6. Ndb5 d6 7. Bg5 a6 8.
Na3 b5 9. Bxf6 gxf6 10. Nd5 f5 11. Bd3 Be6 12. c3 Bg7 13. Nxb5 axb5 14. Bxb5
Bd7 15. exf5 O-O 16. O-O Rb8 17. a4 Re8 18. Qg4 Kh8 19. Qe4 Qg5 20. Bd3 Bf6 21.
Rfe1 Ne7 22. Nxe7 Rxe7 23. b4 Bc8 24. Qe3 Rc7 25. Be4 Bxf5 26. Qxg5 Bxg5 27.
Bxf5 Bd2 28. Red1 Bxc3 29. Rac1 Rxb4 30. Rxd6 Rxa4 31. Rh6 Bd4 32. Rb1 Rb4 33.
Rxh7+ Kg8 34. Rf1 Bxf2+ 35. Kxf2 Rf4+ 36. Kg1 Rxf5 37. Rxf5 Kxh7 38. Rxe5 Kg6
39. Kf2 Rc2+ 40. Kf3 f6 41. Re2 Rc4 42. g3 Rc3+ 43. Re3 Rc5 44. h4 Ra5 45. Kf4
Rf5+ 46. Kg4 Ra5 47. Rf3 Rb5 48. h5+ Kg7 49. Rf5 Rb4+ 50. Rf4 Rb5 51. Ra4 Kh6
52. Rf4 Rg5+ 53. Kf3 Rxh5 54. Rxf6+ Kg5 55. Ra6 Rh1 56. Ra5+ Kg6 57. Kg4 Rb1
1/2-1/2

[Event "Politiken Cup 2007"]
[Site "Helsingor"]
[Date "2007.07.25"]
[Round "7.53"]
[White "Holst, Conny"]
[Black "Valla, Martin"]
[Result "1-0"]
[WhiteElo "2139"]
[BlackElo "2033"]
[PlyCount "81"]
[EventDate "2007.??.??"]

1. d4 Nf6 2. Nf3 g6 3. c4 Bg7 4. Nc3 O-O 5. g3 d6 6. Bg2 Nbd7 7. O-O e5 8. b3
a6 9. Bb2 Re8 10. h3 Rb8 11. dxe5 dxe5 12. e3 c6 13. Qd2 b5 14. cxb5 axb5 15.
Rfd1 Qb6 16. Ng5 Bb7 17. b4 c5 18. Nd5 Nxd5 19. Bxd5 Bxd5 20. Qxd5 Re7 21. bxc5
Qxc5 22. Rac1 Qxd5 23. Rxd5 h6 24. Nf3 e4 25. Bxg7 Kxg7 26. Nd4 Nf6 27. Rxb5
Ra8 28. Ra1 Rea7 29. Rb2 Nd5 30. Nc6 Rc7 31. Rc2 Ra4 32. a3 Rc8 33. Nd4 Rca8
34. Rc5 Nb4 35. Rc4 Nd5 36. Rxa4 Rxa4 37. Nb5 Kf6 38. Rd1 Ne7 39. Rd7 Ra5 40.
Rb7 Ke6 41. Nd4+ 1-0

[Event "Politiken Cup 2007"]
[Site "Helsingor"]
[Date "2007.07.25"]
[Round "7.54"]
[White "Peschardt, Soren"]
[Black "Thorvaldsson, Arni"]
[Result "1/2-1/2"]
[WhiteElo "2137"]
[BlackElo "1947"]
[PlyCount "54"]
[EventDate "2007.??.??"]

1. d4 Nf6 2. c4 g6 3. Nc3 Bg7 4. g3 O-O 5. Bg2 d6 6. Nf3 Nbd7 7. O-O e5 8. dxe5
dxe5 9. Bg5 h6 10. Bxf6 Qxf6 11. Nd5 Qd8 12. Qc2 c6 13. Nc3 Qe7 14. a3 Re8 15.
Rad1 Nf8 16. h3 Bf5 17. e4 Be6 18. Na4 Rad8 19. b4 Rxd1 20. Rxd1 Rd8 21. Rxd8
Qxd8 22. c5 Bc8 23. Nb2 Ne6 24. Nc4 f6 25. Nd6 Bf8 26. Nxc8 Qxc8 27. Qd2 Ng5
1/2-1/2

[Event "Politiken Cup 2007"]
[Site "Helsingor"]
[Date "2007.07.25"]
[Round "7.55"]
[White "Nielsen, Borge Hjerrild"]
[Black "Andersen, Dag"]
[Result "1/2-1/2"]
[WhiteElo "2121"]
[BlackElo "1944"]
[PlyCount "80"]
[EventDate "2007.??.??"]

1. d4 d5 2. c4 c6 3. cxd5 cxd5 4. Nc3 Nf6 5. Bf4 Nc6 6. e3 a6 7. Bd3 Bg4 8. Nf3
e6 9. h3 Bh5 10. Be2 Bd6 11. Bxd6 Qxd6 12. O-O O-O 13. a3 Rac8 14. Na4 Nd7 15.
b4 Qe7 16. Rc1 Bg6 17. Qb3 h6 18. Rc3 Rfd8 19. Rfc1 Na7 20. Rxc8 Rxc8 21. Rxc8+
Nxc8 22. Nc5 Nxc5 23. bxc5 f6 24. Nd2 Qd7 25. f4 Ne7 26. Kf2 Nc6 27. Bg4 Bf7
28. Qb6 Qe7 29. Nb3 e5 30. Bf3 exf4 31. exf4 f5 32. g3 g5 33. fxg5 hxg5 34. Na5
f4 35. gxf4 gxf4 36. Nxc6 Qe3+ 37. Kg2 Qd2+ 38. Kf1 Qc1+ 39. Kg2 Qd2+ 40. Kf1
Qc1+ 1/2-1/2

[Event "Politiken Cup 2007"]
[Site "Helsingor"]
[Date "2007.07.25"]
[Round "7.56"]
[White "Nielsen, Carsten Juul"]
[Black "Aanstad, Magnus"]
[Result "1-0"]
[WhiteElo "2115"]
[BlackElo "1818"]
[PlyCount "93"]
[EventDate "2007.??.??"]

1. d4 Nf6 2. c4 e5 3. dxe5 Ng4 4. Nf3 Bc5 5. e3 Nc6 6. Be2 O-O 7. O-O Ngxe5 8.
Nc3 a5 9. b3 Re8 10. Bb2 Nxf3+ 11. Bxf3 Ne5 12. Ne4 Bf8 13. Ng3 Ra6 14. Bc3 Qh4
15. Bxe5 Rxe5 16. Qd4 Qe7 17. Bd5 g6 18. Rfe1 Bg7 19. f4 Rh5 20. Qe4 Qxe4 21.
Bxe4 Rh4 22. Rad1 Re6 23. Rd3 c6 24. Bf3 Re8 25. Ne4 d5 26. Nd6 dxc4 27. bxc4
Rd8 28. Red1 Bf8 29. g3 Rxd6 30. Rxd6 Rh6 31. Rd8 Be6 32. Rb8 Kg7 33. h4 Bxc4
34. e4 Bxa2 35. Rdd8 Bc5+ 36. Kg2 Kf6 37. Rxb7 a4 38. Rc8 Kg7 39. Rxc6 Bf8 40.
e5 g5 41. Rxh6 Kxh6 42. hxg5+ Kg7 43. f5 Kg8 44. Rd7 a3 45. Bd5 Bb1 46. Bxf7+
Kh8 47. f6 1-0

[Event "Politiken Cup 2007"]
[Site "Helsingor"]
[Date "2007.07.25"]
[Round "7.58"]
[White "Andersen, Rune Egede"]
[Black "Roelvaag, Mikael"]
[Result "0-1"]
[WhiteElo "2016"]
[BlackElo "2245"]
[PlyCount "80"]
[EventDate "2007.??.??"]

1. e4 c6 2. d4 d5 3. e5 Bf5 4. Nf3 e6 5. Be2 Ne7 6. O-O h6 7. b3 Nd7 8. Ba3 Qa5
9. Bd6 Ng6 10. Bxf8 Rxf8 11. Qd2 Qxd2 12. Nfxd2 Bxc2 13. Na3 Bf5 14. f4 Ne7 15.
b4 f6 16. g4 Bg6 17. b5 f5 18. g5 hxg5 19. bxc6 Nxc6 20. Nb5 Ke7 21. fxg5 a6
22. Nc7 Rac8 23. Nxd5+ exd5 24. Rf4 Nd8 25. Nb3 Ne6 26. Rf2 f4 27. h4 Be4 28.
Bg4 Rc3 29. Bxe6 Kxe6 30. Nd2 Rg3+ 31. Kf1 Bd3+ 32. Ke1 Rg1+ 33. Nf1 Bxf1 34.
Rxf1 Rxf1+ 35. Kxf1 Rc8 36. Ke2 g6 37. Kd3 Rc6 38. Rb1 b6 39. Rg1 Kf5 40. a3
Nf8 0-1

[Event "Politiken Cup 2007"]
[Site "Helsingor"]
[Date "2007.07.25"]
[Round "7.59"]
[White "Nielsen, John Holm"]
[Black "Schultz-Pedersen, Jesper"]
[Result "1/2-1/2"]
[WhiteElo "2024"]
[BlackElo "2204"]
[PlyCount "104"]
[EventDate "2007.??.??"]

1. Nc3 Nc6 2. e4 e6 3. d4 Bb4 4. Nf3 d6 5. Bd3 Nge7 6. O-O Bxc3 7. bxc3 e5 8.
h3 Ng6 9. Rb1 h6 10. Bb5 Bd7 11. Bxc6 Bxc6 12. d5 Bd7 13. Rxb7 O-O 14. Be3 f5
15. exf5 Rxf5 16. Nh2 Nf4 17. Bxf4 Rxf4 18. Rb4 Qf6 19. Rxf4 Qxf4 20. Qb1 Rf8
21. Qb4 Qd2 22. Qb3 Bf5 23. Nf3 Qxc2 24. Qxc2 Bxc2 25. Nd2 Rb8 26. Rc1 Rb2 27.
a3 Bd3 28. Nf1 Bxf1 29. Kxf1 Ra2 30. c4 Rxa3 31. Ke2 Kf7 32. Rc2 Kf6 33. Kd2
Kf5 34. Rb2 Ke4 35. Rb7 Ra2+ 36. Kc3 Rxf2 37. Rxc7 Rxg2 38. Rxa7 Rg3+ 39. Kb4
Kd4 40. Kb5 e4 41. Kc6 e3 42. Kxd6 e2 43. Ra1 Rg6+ 44. Kc7 Kxc4 45. d6 Rg5 46.
d7 Rc5+ 47. Kd6 Rd5+ 48. Kc7 g5 49. d8=Q Rxd8 50. Kxd8 h5 51. Ke7 Kd3 52. Kf6
g4 1/2-1/2

[Event "Politiken Cup 2007"]
[Site "Helsingor"]
[Date "2007.07.25"]
[Round "7.60"]
[White "Molvig, Henrik"]
[Black "Thomassen, Thomas"]
[Result "1-0"]
[WhiteElo "2215"]
[BlackElo "2047"]
[PlyCount "51"]
[EventDate "2007.??.??"]

1. d4 d5 2. c4 c6 3. Nf3 Nf6 4. Nc3 e6 5. Bg5 dxc4 6. e4 b5 7. e5 h6 8. Bh4 g5
9. Nxg5 hxg5 10. Bxg5 Nbd7 11. exf6 Bb7 12. g3 c5 13. d5 Qb6 14. Bg2 O-O-O 15.
O-O b4 16. Rb1 Qa6 17. dxe6 Bxg2 18. e7 Bxf1 19. Qd5 Bh6 20. Bxh6 Bd3 21. Ne4
Bxe4 22. Qxe4 Rde8 23. Rd1 Qb5 24. Bf4 Rh5 25. Qa8+ Nb8 26. Bxb8 1-0

[Event "Politiken Cup 2007"]
[Site "Helsingor"]
[Date "2007.07.25"]
[Round "7.61"]
[White "Dalberg, Preben"]
[Black "Petersen, Nils"]
[Result "1/2-1/2"]
[WhiteElo "2205"]
[BlackElo "2026"]
[PlyCount "117"]
[EventDate "2007.??.??"]

1. d4 Nf6 2. c4 e6 3. Nc3 Bb4 4. Qc2 O-O 5. a3 Bxc3+ 6. Qxc3 h6 7. g3 d5 8. Bg2
Nbd7 9. Nf3 c5 10. cxd5 Nxd5 11. Qc2 cxd4 12. Nxd4 N7f6 13. O-O e5 14. Nb5 Be6
15. e4 Ne7 16. Qe2 a6 17. Rd1 Qb6 18. Nd6 Bg4 19. Bf3 Bxf3 20. Qxf3 Rfd8 21.
Be3 Qb3 22. Qe2 b5 23. Rd3 Qe6 24. Rad1 Rd7 25. f3 Rad8 26. Nb7 Rxd3 27. Rxd3
Rxd3 28. Qxd3 Qd7 29. Qxd7 Nxd7 30. Kf2 Nc6 31. Ke2 Kf8 32. Kd3 Ke7 33. Nc5
Ndb8 34. f4 f6 35. f5 Kd6 36. b4 Nd8 37. g4 Ke7 38. h4 Kd6 39. g5 hxg5 40. hxg5
Ke7 41. Ke2 Kf7 42. Kf3 Ke7 43. Kg4 Ndc6 44. Kh5 Kf7 45. g6+ Kg8 46. Kg4 a5 47.
bxa5 Nxa5 48. Bd2 Nc4 49. Bb4 Nc6 50. Ne6 Nxb4 51. axb4 Na3 52. Nc7 Nc2 53.
Nxb5 Nxb4 54. Kf3 Na6 55. Ke3 Nc5 56. Nc7 Kf8 57. Nd5 Ke8 58. Kf3 Kf8 59. Ke3
1/2-1/2

[Event "Politiken Cup 2007"]
[Site "Helsingor"]
[Date "2007.07.25"]
[Round "7.62"]
[White "Flindt, Thomas"]
[Black "Preuss, Flemming"]
[Result "0-1"]
[WhiteElo "2196"]
[BlackElo "2013"]
[PlyCount "106"]
[EventDate "2007.??.??"]

1. e4 e6 2. d4 d5 3. Nc3 Bb4 4. exd5 exd5 5. Bd3 Nc6 6. Nge2 Bg4 7. f3 Bh5 8.
O-O Nge7 9. Ng3 Bg6 10. f4 f5 11. Be2 O-O 12. Qd3 Ba5 13. Bf3 Bb6 14. Nce2 Qd6
15. b3 Rad8 16. Kh1 Nb8 17. a4 c6 18. Ba3 Qf6 19. a5 Bc7 20. c4 Rfe8 21. Bxe7
Rxe7 22. cxd5 cxd5 23. Nc3 Red7 24. Nge2 Nc6 25. a6 bxa6 26. Na4 Bb6 27. Nxb6
axb6 28. Qxa6 Nxd4 29. Nxd4 Qxd4 30. Rad1 Qc5 31. Rc1 Qd6 32. Qb5 d4 33. Rc6
Qe7 34. Qxb6 d3 35. Re6 Qf8 36. Re5 d2 37. Rd1 Rd6 38. Qb4 Qf6 39. Re2 Rd4 40.
Rexd2 Rxd2 41. Qxd2 Rxd2 42. Rxd2 Bf7 43. b4 Bc4 44. h3 Qb6 45. Bd5+ Bxd5 46.
Rxd5 g6 47. b5 Kf7 48. Rd3 Qxb5 49. Rf3 Qe2 50. Kh2 Ke6 51. h4 Kd5 52. Kh3 Ke4
53. Kg3 h5 0-1

[Event "Politiken Cup 2007"]
[Site "Helsingor"]
[Date "2007.07.25"]
[Round "7.63"]
[White "Nurmi, Timo"]
[Black "Petersen, Peter Birk"]
[Result "1/2-1/2"]
[WhiteElo "2008"]
[BlackElo "2187"]
[PlyCount "59"]
[EventDate "2007.??.??"]

1. d4 Nf6 2. Nf3 e6 3. Bg5 c5 4. e3 Be7 5. Nbd2 b6 6. Bd3 Bb7 7. c3 Nc6 8. O-O
d6 9. e4 h6 10. Bxf6 Bxf6 11. d5 Ne7 12. Bb5+ Kf8 13. dxe6 fxe6 14. e5 dxe5 15.
Qe2 Ng6 16. Rfd1 Qc7 17. Ne4 Nf4 18. Qc2 Nd5 19. c4 Nb4 20. Qe2 Nc6 21. Rd6 Ke7
22. Bxc6 Bxc6 23. Rad1 Rad8 24. Rxd8 Rxd8 25. Rxd8 Qxd8 26. h3 Qa8 27. Nfd2 Qb7
28. Qd3 Qd7 29. Qxd7+ Kxd7 30. f3 1/2-1/2

[Event "Politiken Cup 2007"]
[Site "Helsingor"]
[Date "2007.07.25"]
[Round "7.64"]
[White "Mamak, Wojciech"]
[Black "Smeele, Frank"]
[Result "0-1"]
[WhiteElo "1985"]
[BlackElo "2173"]
[PlyCount "74"]
[EventDate "2007.??.??"]

1. d4 Nf6 2. c4 c5 3. d5 e6 4. Nc3 exd5 5. cxd5 d6 6. g3 a6 7. a4 g6 8. Bg2 Bg7
9. Nf3 O-O 10. O-O Nbd7 11. Bf4 Qe7 12. Nd2 Nh5 13. Nc4 Nxf4 14. gxf4 Bh6 15.
e3 f5 16. a5 Nf6 17. Qb1 Re8 18. Rc1 Bf8 19. b4 cxb4 20. Qxb4 Rb8 21. Nb6 Bg7
22. Ra2 Ne4 23. Nxe4 fxe4 24. Rc4 Bf5 25. Ra4 g5 26. Bxe4 gxf4 27. Bxf5 Qg5+
28. Kf1 Qxf5 29. Rxf4 Qd3+ 30. Kg2 Rbd8 31. Qc4 Qd1 32. Qc7 Kh8 33. Qf7 Rg8 34.
Kh3 Rdf8 35. Qe6 Qh5+ 36. Kg2 Be5+ 37. Rg4 Qxh2+ 0-1

[Event "Politiken Cup 2007"]
[Site "Helsingor"]
[Date "2007.07.25"]
[Round "7.65"]
[White "Kaaber, Jacob"]
[Black "Henrichsen, Jens"]
[Result "1-0"]
[WhiteElo "2162"]
[BlackElo "2010"]
[PlyCount "75"]
[EventDate "2007.??.??"]

1. e4 c5 2. Nf3 d6 3. d4 cxd4 4. Nxd4 Nf6 5. Nc3 a6 6. Bg5 e6 7. f4 Qb6 8. Qd2
Qxb2 9. Nb3 Qa3 10. Bxf6 gxf6 11. Be2 Nc6 12. O-O Bd7 13. Bh5 Be7 14. Kh1 Rc8
15. Rf3 O-O 16. Rh3 Kh8 17. f5 Ne5 18. Qh6 Rg8 19. Bxf7 Rg7 20. Bxe6 Bxe6 21.
fxe6 Ng4 22. Qd2 Qb4 23. a3 Qc4 24. Nd4 Qc5 25. Nd5 Rcg8 26. Rc3 Qa5 27. Nf5
Qd8 28. Rc7 Qe8 29. Rxe7 Qh5 30. h3 Nf2+ 31. Qxf2 Rxg2 32. Qxg2 Rxg2 33. Kxg2
Qe2+ 34. Kg3 h5 35. Nxf6 h4+ 36. Kxh4 Qf2+ 37. Kh5 Qe2+ 38. Kg6 1-0

[Event "Politiken Cup 2007"]
[Site "Helsingor"]
[Date "2007.07.25"]
[Round "7.66"]
[White "Soraas, Torben"]
[Black "Andersen, Daniel"]
[Result "1-0"]
[WhiteElo "2155"]
[BlackElo "1997"]
[PlyCount "83"]
[EventDate "2007.??.??"]

1. e4 e6 2. d4 d5 3. Nd2 c5 4. exd5 Qxd5 5. Ngf3 cxd4 6. Bc4 Qd6 7. O-O Nf6 8.
Nb3 Nc6 9. Nbxd4 Nxd4 10. Nxd4 Bd7 11. a4 Qc7 12. Qe2 Bd6 13. h3 O-O 14. Nb5
Bxb5 15. axb5 Bh2+ 16. Kh1 Bf4 17. Ra4 Bxc1 18. Rxc1 Nd7 19. Ra3 Rfc8 20. Ba2
Qe5 21. Qxe5 Nxe5 22. Bb3 Nc4 23. Bxc4 Rxc4 24. c3 b6 25. Ra6 Rc7 26. Rca1 Rb7
27. c4 g6 28. Kh2 Kg7 29. Kg3 Kf6 30. Kf4 e5+ 31. Ke4 Rc8 32. b3 Rcc7 33. g4
Ke6 34. g5 f5+ 35. gxf6 Kxf6 36. Rd1 Kf7 37. Kxe5 Re7+ 38. Kf4 Rbd7 39. Rxd7
Rxd7 40. Ke5 Ke7 41. b4 Rc7 42. Kd5 1-0

[Event "Politiken Cup 2007"]
[Site "Helsingor"]
[Date "2007.07.25"]
[Round "7.68"]
[White "Rasmussen, Morten"]
[Black "Helmers, Wim"]
[Result "0-1"]
[WhiteElo "1958"]
[BlackElo "2142"]
[PlyCount "64"]
[EventDate "2007.??.??"]

1. d4 d5 2. c4 c6 3. Nf3 Nf6 4. Qc2 g6 5. g3 Bf5 6. Qb3 Qc8 7. Bg2 Bg7 8. Nc3
dxc4 9. Qxc4 O-O 10. O-O Nbd7 11. Re1 Ne4 12. Be3 Nb6 13. Qb4 Nxc3 14. Qxc3 Nd5
15. Qa3 Nxe3 16. Qxe3 Qe6 17. Qc3 Rac8 18. Qb4 Qd7 19. Rac1 Be4 20. Red1 Qc7
21. b3 Rfd8 22. e3 Rd5 23. Ne1 Bxg2 24. Kxg2 Rcd8 25. Nf3 c5 26. e4 Rh5 27. g4
Qd7 28. dxc5 Qxg4+ 29. Kf1 Rxd1+ 30. Rxd1 Qxf3 31. Rd8+ Bf8 32. c6 Rxh2 0-1

[Event "Politiken Cup 2007"]
[Site "Helsingor"]
[Date "2007.07.25"]
[Round "7.69"]
[White "Jorgensen, Kasper Moller"]
[Black "Christensen, Janus"]
[Result "1-0"]
[WhiteElo "1954"]
[BlackElo "2137"]
[PlyCount "77"]
[EventDate "2007.??.??"]

1. e4 e6 2. d4 d5 3. Nd2 Nf6 4. e5 Nfd7 5. Bd3 c5 6. c3 Qb6 7. Ne2 Nc6 8. Nf3
cxd4 9. cxd4 Be7 10. O-O f6 11. Nf4 Nb4 12. Bb1 fxe5 13. Nxe5 Nf6 14. Nh5 O-O
15. Nxf6+ Rxf6 16. Qh5 g6 17. Nxg6 Qc7 18. Ne5 Bd6 19. Bg5 Bxe5 20. dxe5 Rf7
21. Bf6 Kf8 22. Qh6+ Ke8 23. Rc1 Nc6 24. Rc3 d4 25. Rg3 Ne7 26. Bxh7 b6 27. Rc1
Rxh7 28. Rxc7 Rxh6 29. Rxe7+ Kf8 30. Rc7 Rh5 31. Be7+ Ke8 32. Rg8+ Kf7 33. Rf8+
Kg6 34. Rf6+ Kg5 35. Bf8 Kg4 36. Rg7+ Rg5 37. f3+ Kh4 38. Rh6+ Rh5 39. Rg4# 1-0

[Event "Politiken Cup 2007"]
[Site "Helsingor"]
[Date "2007.07.25"]
[Round "7.70"]
[White "Finnlaugsson, Gunnar"]
[Black "Tuomisto, Keijo"]
[Result "1-0"]
[WhiteElo "2116"]
[BlackElo "1965"]
[PlyCount "127"]
[EventDate "2007.??.??"]

1. c4 c5 2. Nf3 Nc6 3. d4 cxd4 4. Nxd4 e6 5. a3 a5 6. Nc3 Nf6 7. Ndb5 d6 8. e4
Be7 9. Be2 O-O 10. Be3 Ne8 11. Qd2 a4 12. Qc2 Qa5 13. O-O Ne5 14. Rac1 Nd7 15.
Bd1 Nc5 16. Bxc5 dxc5 17. Qxa4 Qxa4 18. Bxa4 Nf6 19. f3 Nd7 20. Rfd1 Nb6 21.
Bb3 Bd7 22. Kf2 Bc6 23. Ke3 h5 24. g3 g6 25. f4 Kg7 26. Ba2 g5 27. b3 Rac8 28.
a4 Ra8 29. Bb1 g4 30. Rd2 Rh8 31. e5 h4 32. Be4 hxg3 33. hxg3 Rh3 34. Rg2 Rah8
35. Bxc6 bxc6 36. Na7 Rh2 37. Rxh2 Rxh2 38. Ne2 Rh3 39. Nxc6 Bh4 40. Rg1 Kf8
41. a5 Na8 42. Nb8 Ke8 43. Na6 Be7 44. Rd1 Rh2 45. Nb8 Rh3 46. Nc6 Nc7 47. Nxe7
Kxe7 48. Rd6 f6 49. Rc6 Kd7 50. Rxc5 f5 51. b4 Rh1 52. b5 Ra1 53. a6 Ra5 54.
Rc6 Ra3+ 55. Kd4 Ra2 56. Rd6+ Kc8 57. Nc3 Ra3 58. b6 Nxa6 59. Rxe6 Nb8 60. c5
Kb7 61. Re7+ Kc8 62. Rc7+ Kd8 63. e6 Na6 64. Rd7+ 1-0